000 00489nam a2200193Ia 4500
005 20250508163654.0
008 008 250505s9999 xx 000 0 eng d
037 _aTextual
040 _aFEDL
_beng
_cFEDL
041 _aeng
_2eng
084 _a376, SIN
_qFEDL
100 _aUttam Kumar Singh
245 0 _aWomen education
260 _c1997
300 _a314p.
490 _aRecent trends in education series
942 _cTEXL
_h376, SIN
999 _c1384627
_d1384627